书目信息 |
| 题名: |
中国未来粮食安全论
|
|
| 作者: | 胡岳岷 编著 | |
| 分册: | ||
| 出版信息: | 北京 科学出版社 2006.80 |
|
| 页数: | ||
| 开本: | 16开 | |
| 丛书名: | ||
| 单 册: | ||
| 中图分类: | F326.11 | |
| 科图分类: | ||
| 主题词: | 农业经济--中国 | |
| 电子资源: | ||
| ISBN: | 7-03-017036-9 | |
| 000 | 00538nam0 2200181 450 | |
| 001 | 0736196517 | |
| 005 | 20070924100316.51 | |
| 010 | @a7-03-017036-9@d¥38.00 | |
| 100 | @a20070924d km y0chiy0120 ea | |
| 101 | 0 | @achi |
| 200 | 1 | @a中国未来粮食安全论@Azhong guo wei lai liang shi an quan lun@f胡岳岷 编著@Fhu yue min bian zhu |
| 210 | @a北京@c科学出版社@d2006.80 | |
| 215 | @d16开 | |
| 606 | 0 | @a农业经济@x中国 |
| 690 | @aF326.11@v3 | |
| 701 | 0 | @a胡岳岷@Ahu yue min@4编著 |
| 801 | 0 | @aCN@bPFT@c20070924 |
| 905 | @a213230@dF326.11@eZY15@f1 | |
| 中国未来粮食安全论/胡岳岷 编著.-北京:科学出版社,2006.80 |
| 16开 |
| ISBN 7-03-017036-9:¥38.00 |
| ● |
| 相关链接 |
|
|
|
|
正题名:中国未来粮食安全论
索取号:F326.11/ZY15
 
预约/预借
| 序号 | 登录号 | 条形码 | 馆藏地/架位号 | 状态 | 备注 |
| 1 | 7901849 | 279018493 | 密集书库-资源管理系/ [索取号:F326.11/ZY15] | 在馆 |